[Event "45th IT Bosna 2015"]
[Site "Sarajevo"]
[Date "2015.06.03"]
[Round "7.44"]
[White "Arda, Cagil Irmak"]
[Black "Hadzialic, Benjamin"]
[Result "1/2-1/2"]
[WhiteElo "1822"]
[BlackElo "1924"]
[PlyCount "48"]
[EventDate "2015.05.30"]

1. e4 c5 2. Nf3 d6 3. d4 cxd4 4. Nxd4 Nf6 5. f3 Nc6 6. c4 e6 7. Nc3 Be7 8. Be3
O-O 9. Be2 a6 10. O-O d5 11. cxd5 exd5 12. Nxc6 bxc6 13. exd5 Nxd5 14. Nxd5
cxd5 15. Bd4 Be6 16. Qd2 Bf6 17. Rac1 Bxd4+ 18. Qxd4 Qa5 19. f4 Rac8 20. Rxc8
Bxc8 21. a3 Rd8 22. Bf3 Bb7 23. h3 h6 24. Rd1 Kh8 1/2-1/2

[Event "45th IT Bosna 2015"]
[Site "Sarajevo"]
[Date "2015.06.03"]
[Round "7.45"]
[White "Bistric, Faruk"]
[Black "Budisavljevic, Luka"]
[Result "1-0"]
[WhiteElo "2370"]
[BlackElo "1835"]
[PlyCount "43"]
[EventDate "2015.05.30"]

1. e4 c5 2. Nf3 e6 3. d4 cxd4 4. Nxd4 a6 5. Bd3 Bc5 6. c3 d6 7. O-O Nf6 8. Be3
O-O 9. Nd2 Bd7 10. Qe2 Qc7 11. Bg5 Bc6 12. e5 Ne8 13. f4 dxe5 14. fxe5 Nd7 15.
Rae1 f6 16. exf6 e5 17. f7+ Rxf7 18. Bxh7+ Kf8 19. Rxf7+ Kxf7 20. Qc4+ Bd5 21.
Qxd5+ Kf8 22. Qg8# 1-0

[Event "45th IT Bosna 2015"]
[Site "Sarajevo"]
[Date "2015.06.03"]
[Round "7.46"]
[White "Karup, Edin"]
[Black "Nestorovic, Katarina"]
[Result "1-0"]
[WhiteElo "2156"]
[BlackElo "1764"]
[PlyCount "79"]
[EventDate "2015.05.30"]

1. e4 c5 2. Nf3 e6 3. Nc3 d6 4. d4 cxd4 5. Nxd4 Nf6 6. g4 h6 7. Rg1 Nc6 8. Be3
a6 9. Be2 Be7 10. h4 Nh7 11. h5 Bg5 12. Qd2 Nxd4 13. Qxd4 e5 14. Qd2 Be6 15.
O-O-O Be7 16. Kb1 Qc7 17. f4 exf4 18. Bxf4 Rd8 19. Rg3 O-O 20. Rd3 Bc4 21. Rd4
Be6 22. a4 Nf6 23. g5 hxg5 24. Bxg5 Ne8 25. e5 Bxg5 26. Qxg5 Qa5 27. b4 Qc7 28.
Ne4 Rc8 29. Bd3 dxe5 30. Nf6+ Nxf6 31. h6 Ne8 32. hxg7 Nxg7 33. Qf6 Qc6 34.
Bh7+ Kh8 35. Qh4 Rfd8 36. Rh1 Nh5 37. Bd3 f5 38. Qf6+ Kg8 39. Rg4+ fxg4 40.
Bh7+ 1-0

[Event "45th IT Bosna 2015"]
[Site "Sarajevo"]
[Date "2015.06.03"]
[Round "7.48"]
[White "Maksimovic, Masa"]
[Black "Colpa, Fahrudin"]
[Result "1/2-1/2"]
[WhiteElo "1702"]
[BlackElo "1978"]
[PlyCount "141"]
[EventDate "2015.05.30"]

1. Nf3 Nc6 2. d4 e6 3. c4 d5 4. Nc3 Nf6 5. Bf4 Bb4 6. e3 Ne4 7. Qc2 h5 8. h4
Qe7 9. Bd3 Nxc3 10. bxc3 Bd6 11. Bxd6 Qxd6 12. Rb1 e5 13. cxd5 Qxd5 14. c4 Qa5+
15. Qd2 Qxd2+ 16. Kxd2 exd4 17. Nxd4 Ne5 18. Nb5 O-O 19. Nxc7 Rb8 20. Ke2 a6
21. Rhc1 Rd8 22. Be4 Rd7 23. Nxa6 Ra8 24. Nb4 Re7 25. Rb2 Bg4+ 26. f3 Be6 27.
Bd5 Bf5 28. e4 Bc8 29. Nd3 Ng6 30. g3 Kh7 31. Nf4 Ra3 32. Kf2 Ne5 33. Kg2 Nxf3
34. Nxh5 Bg4 35. Nf4 f5 36. exf5 Nd4 37. Ne6 Nxf5 38. Ng5+ Kh6 39. Be4 Rxg3+
40. Kf2 Ra3 41. Rxb7 Rxa2+ 42. Kg1 Rxb7 43. Bxb7 Nxh4 44. Nf7+ Kh5 45. Ne5 Rb2
46. Bd5 Re2 47. Nd3 g5 48. c5 Rd2 49. Bf7+ Kh6 50. Ne5 Rg2+ 51. Kf1 Bh3 52. Ke1
g4 53. Be6 Kg5 54. c6 Rb2 55. c7 Ng2+ 56. Kf1 Nf4+ 57. Kg1 Ne2+ 58. Kf2 g3+ 59.
Kf3 Bxe6 60. c8=Q Bxc8 61. Rxc8 Kf5 62. Re8 Nf4 63. Kxg3 Nh5+ 64. Kf3 Rb3+ 65.
Ke2 Nf6 66. Re7 Nd5 67. Re8 Re3+ 68. Kd2 Re4 69. Rh8 Rd4+ 70. Nd3 Nf4 71. Rf8+
1/2-1/2

[Event "45th IT Bosna 2015"]
[Site "Sarajevo"]
[Date "2015.06.03"]
[Round "7.50"]
[White "Fejzic, Edo"]
[Black "Markovic, Dino"]
[Result "1/2-1/2"]
[WhiteElo "1690"]
[BlackElo "1905"]
[PlyCount "101"]
[EventDate "2015.05.30"]

1. e4 e6 2. d4 d5 3. exd5 exd5 4. Bd3 Bd6 5. Qf3 Nf6 6. Ne2 O-O 7. h3 Be6 8.
O-O Nbd7 9. Nbc3 c6 10. Bf4 Qc7 11. Bxd6 Qxd6 12. Qf4 Qxf4 13. Nxf4 Rfe8 14.
Rfe1 Nf8 15. Nce2 g5 16. Nxe6 Nxe6 17. c3 b6 18. b4 Nh5 19. g3 Re7 20. a4 Rae8
21. Kf1 Nf6 22. Nc1 Nc7 23. Nb3 Ne4 24. Rac1 f5 25. Re2 Ne6 26. Bxe4 fxe4 27.
a5 Rf8 28. Kg2 Ref7 29. Rf1 h5 30. Nd2 Ng7 31. f3 exf3+ 32. Rxf3 Nf5 33. Re5
Kg7 34. Kf2 Kg6 35. axb6 axb6 36. Re6+ Rf6 37. Rxf6+ Rxf6 38. g4 hxg4 39. hxg4
Nd6 40. Rxf6+ Kxf6 41. Ke3 Nb5 42. Kd3 Na3 43. Nf3 Nc4 44. Nd2 Nd6 45. Ke3 Ke6
46. Kd3 Nf7 47. Nf3 Kd6 48. Ke3 c5 49. bxc5+ bxc5 50. dxc5+ Kxc5 51. Kd3
1/2-1/2

[Event "45th IT Bosna 2015"]
[Site "Sarajevo"]
[Date "2015.06.03"]
[Round "7.51"]
[White "Maksimovic, Bojan"]
[Black "Celik, Eda"]
[Result "1/2-1/2"]
[WhiteElo "1891"]
[BlackElo "1615"]
[PlyCount "114"]
[EventDate "2015.05.30"]

1. Nf3 Nf6 2. c4 e6 3. d4 c5 4. d5 exd5 5. cxd5 d6 6. Nc3 g6 7. e4 Bg7 8. Bd3
O-O 9. O-O Re8 10. Re1 a6 11. a4 Bg4 12. Bc2 Nbd7 13. h3 Bxf3 14. Qxf3 Nh5 15.
Bd2 Rb8 16. Bd3 Ne5 17. Qe2 Nxd3 18. Qxd3 Qd7 19. a5 b5 20. axb6 Rxb6 21. g4
Nf6 22. Rxa6 Rxb2 23. Bf4 Bf8 24. Na4 Rb4 25. Nxc5 Qc7 26. Rc6 Qd8 27. Bg5 Bg7
28. e5 dxc5 29. Bxf6 Bxf6 30. Rxf6 Rxe5 31. Rxg6+ hxg6 32. Rxe5 Rd4 33. Qb5 Qd6
34. Re8+ Kg7 35. Qc6 Rxd5 36. Qxd6 Rxd6 37. Rc8 Rd1+ 38. Kg2 Rc1 39. Rc6 Rc3
40. g5 c4 41. h4 Kf8 42. Rc7 Ke8 43. Kf1 Rc2 44. Ke1 c3 45. Kf1 Rc1+ 46. Ke2 c2
47. Kd3 Kf8 48. Rxc2 Rxc2 49. Kxc2 Ke7 50. Kd3 f6 51. Ke4 Ke6 52. f3 Kf7 53.
gxf6 Kxf6 54. Kf4 Kf7 55. Kg5 Kg7 56. h5 gxh5 57. Kxh5 Kf6 1/2-1/2

[Event "45th IT Bosna 2015"]
[Site "Sarajevo"]
[Date "2015.06.03"]
[Round "7.52"]
[White "Pleh, Semir"]
[Black "Agic, Ahmed"]
[Result "0-1"]
[WhiteElo "1688"]
[BlackElo "1843"]
[PlyCount "154"]
[EventDate "2015.05.30"]

1. d4 Nf6 2. c4 e6 3. Nc3 Bb4 4. Nf3 d5 5. e3 Nbd7 6. Bd2 b6 7. cxd5 Bxc3 8.
bxc3 exd5 9. Bb5 O-O 10. O-O a6 11. Bd3 c5 12. h3 c4 13. Bc2 Re8 14. a4 Nf8 15.
Ne5 Qc7 16. Qb1 N8d7 17. Nf3 h6 18. Qb4 Ne4 19. Be1 Bb7 20. Nd2 f5 21. Bd1 Bc6
22. f4 Ndf6 23. Nf3 b5 24. a5 g5 25. fxg5 hxg5 26. Ne5 Rxe5 27. dxe5 Qxe5 28.
Ra2 Rf8 29. Bf3 Rf7 30. Qb2 Rh7 31. Bxe4 Nxe4 32. Rf3 g4 33. Rf4 gxh3 34. Rh4
Rg7 35. Rxh3 Ng5 36. Rg3 f4 37. Rg4 f3 38. Qf2 Bd7 39. Rg3 Bf5 40. Rd2 Be4 41.
Rd4 fxg2 42. Qe2 Qf5 43. Rxe4 dxe4 44. Qxg2 Nf3+ 45. Kf1 Ng5+ 46. Ke2 Qd5 47.
Bd2 Kf8 48. Rg4 Qd3+ 49. Kd1 Rf7 50. Rf4 Rxf4 51. exf4 Nf3 52. Kc1 Nxd2 53.
Qxd2 e3 54. Qh2 Qxc3+ 55. Kb1 Qb4+ 56. Kc2 Qd2+ 57. Qxd2 exd2 58. Kxd2 Kf7 59.
Kc3 Kf6 60. Kb4 Kf5 61. Kc5 c3 62. Kb6 c2 63. Kxa6 c1=Q 64. Kxb5 Qc8 65. a6
Kxf4 66. a7 Qa8 67. Ka6 Ke5 68. Kb6 Kd6 69. Ka6 Kc6 70. Ka5 Qxa7+ 71. Kb4 Qc5+
72. Kb3 Kd5 73. Kb2 Kd4 74. Kb3 Qc3+ 75. Ka4 Qb2 76. Ka5 Kc5 77. Ka6 Qb6# 0-1

[Event "45th IT Bosna 2015"]
[Site "Sarajevo"]
[Date "2015.06.03"]
[Round "7.53"]
[White "Becirbasic, Atif"]
[Black "Tomic, Jelena"]
[Result "1-0"]
[WhiteElo "1843"]
[BlackElo "1333"]
[PlyCount "77"]
[EventDate "2015.05.30"]

1. d4 Nf6 2. Nf3 e6 3. c4 d5 4. Nc3 b6 5. g3 Be7 6. Bg2 Bb7 7. O-O O-O 8. Ne5
Nbd7 9. b3 Rc8 10. Bb2 c5 11. e3 Qc7 12. Nb5 Qb8 13. Nxd7 Nxd7 14. dxc5 bxc5
15. cxd5 Ba6 16. dxe6 Bxb5 17. exd7 Rcd8 18. Qg4 g6 19. Rfd1 Qc7 20. Qe4 Bd6
21. Bf6 Rxd7 22. Bh3 Bc6 23. Qh4 Be5 24. Bxd7 Bxd7 25. Rxd7 Qxd7 26. Bxe5 f6
27. Qc4+ Kg7 28. Bb2 Qd6 29. Rc1 Rc8 30. b4 Rb8 31. bxc5 Qd2 32. Ba1 Rb4 33.
Qc3 Qxc3 34. Bxc3 Rb8 35. c6 Rc8 36. c7 Kf7 37. Bd4 a5 38. Bb6 a4 39. Rd1 1-0

[Event "45th IT Bosna 2015"]
[Site "Sarajevo"]
[Date "2015.06.03"]
[Round "7.56"]
[White "Strinic, Hamdija"]
[Black "Arda, Dogasu"]
[Result "0-1"]
[WhiteElo "1690"]
[BlackElo "1529"]
[PlyCount "122"]
[EventDate "2015.05.30"]

1. c4 e6 2. Nc3 d5 3. d4 Nf6 4. Nf3 h6 5. Bf4 a6 6. e3 Be7 7. g4 Bd6 8. Ne5 c6
9. h4 Qc7 10. Qf3 dxc4 11. g5 hxg5 12. hxg5 Rxh1 13. Qxh1 Ng8 14. Bxc4 Nd7 15.
Qh8 Kf8 16. Ng6+ fxg6 17. Bxe6 Ndf6 18. Bb3 Nd5 19. O-O-O Bxf4 20. exf4 Qxf4+
21. Kb1 Be6 22. Ka1 Qg4 23. Re1 Bf7 24. Qh2 Qf4 25. Qh3 Nxc3 26. Qxc3 Re8 27.
Qb4+ Re7 28. Bxf7 Qxf7 29. a3 Qxf2 30. Rxe7 Nxe7 31. Qxb7 Qf1+ 32. Ka2 Qb5 33.
Qd7 Qd5+ 34. Qxd5 Nxd5 35. Kb3 Nc7 36. Kc4 Ne6 37. b4 Ke7 38. a4 Kd7 39. d5
cxd5+ 40. Kxd5 Nxg5 41. Kc5 Kc7 42. Kd5 Nf7 43. Ke6 g5 44. Kf5 g6+ 45. Kg4 Kb6
46. Kg3 Ne5 47. Kh3 g4+ 48. Kg3 g5 49. Kg2 Nd7 50. Kg3 Nf6 51. Kg2 Ne4 52. Kh2
g3+ 53. Kg2 g4 54. Kg1 Nd6 55. Kg2 Nf5 56. Kg1 a5 57. b5 Ne3 58. Kh1 Nc4 59.
Kg2 Nb2 60. Kxg3 Nxa4 61. Kxg4 Kxb5 0-1

[Event "45th IT Bosna 2015"]
[Site "Sarajevo"]
[Date "2015.06.04"]
[Round "8.1"]
[White "Nikolic, Predrag"]
[Black "Stevic, Hrvoje"]
[Result "1/2-1/2"]
[WhiteElo "2618"]
[BlackElo "2596"]
[PlyCount "59"]
[EventDate "2015.05.30"]

1. d4 d5 2. c4 dxc4 3. e3 Nf6 4. Bxc4 e6 5. Nf3 c5 6. O-O a6 7. dxc5 Qxd1 8.
Rxd1 Bxc5 9. b3 b5 10. Be2 Bb7 11. Bb2 Nbd7 12. Nbd2 O-O 13. a4 bxa4 14. Rxa4
Nb6 15. Raa1 a5 16. Nc4 Nxc4 17. Bxc4 Bb4 18. Ne5 Nd5 19. Nd3 Be7 20. Ba3 Bxa3
21. Rxa3 Nb6 22. Nc5 Nxc4 23. bxc4 Bc6 24. Rda1 Rfb8 25. h3 Rb4 26. Nd3 Rxc4
27. Ne5 Rc5 28. Nxc6 Rxc6 29. Rxa5 Rxa5 30. Rxa5 1/2-1/2

[Event "45th IT Bosna 2015"]
[Site "Sarajevo"]
[Date "2015.06.04"]
[Round "8.2"]
[White "Kozul, Zdenko"]
[Black "Jovanovic, Zoran"]
[Result "1/2-1/2"]
[WhiteElo "2620"]
[BlackElo "2518"]
[PlyCount "77"]
[EventDate "2015.05.30"]

1. d4 d6 2. Nf3 g6 3. c4 Bg7 4. Nc3 Nf6 5. e4 O-O 6. Be2 e5 7. O-O Na6 8. Be3
Qe7 9. dxe5 dxe5 10. Nd5 Qd8 11. Nd2 Nd7 12. Nb3 c6 13. Nc3 Qe7 14. Qd2 Ndc5
15. Rfd1 Re8 16. Bf1 Bf8 17. Bg5 f6 18. Be3 Qf7 19. Nxc5 Bxc5 20. Na4 Bxe3 21.
Qxe3 Nc7 22. c5 Be6 23. b3 Red8 24. Rd6 Qe7 25. Rad1 Ne8 26. R6d2 Ng7 27. Nb2
Rxd2 28. Rxd2 Rd8 29. Nc4 Rxd2 30. Qxd2 Qxc5 31. Qd8+ Qf8 32. Qc7 Qc8 33. Qxc8+
Bxc8 34. Nd6 Bd7 35. Nxb7 Kf8 36. Bc4 Ke7 37. Kf1 Ne8 38. Ke2 Nd6 39. Nxd6
1/2-1/2

[Event "45th IT Bosna 2015"]
[Site "Sarajevo"]
[Date "2015.06.04"]
[Round "8.4"]
[White "Antipov, Mikhail Al"]
[Black "Kurajica, Bojan"]
[Result "1/2-1/2"]
[WhiteElo "2523"]
[BlackElo "2518"]
[PlyCount "37"]
[EventDate "2015.05.30"]

1. e4 c5 2. Nf3 e6 3. b3 a6 4. Bb2 d5 5. exd5 Qxd5 6. Be2 Nc6 7. O-O Nge7 8.
Re1 Qd8 9. a4 Nf5 10. Bd3 Nfd4 11. Be4 Be7 12. Bxc6+ bxc6 13. a5 f6 14. Nxd4
cxd4 15. Qg4 c5 16. Qxg7 Kd7 17. Qf7 Qg8 18. Qxg8 Rxg8 19. g3 1/2-1/2

[Event "45th IT Bosna 2015"]
[Site "Sarajevo"]
[Date "2015.06.04"]
[Round "8.6"]
[White "Marjanovic, Dejan"]
[Black "Predojevic, Borki"]
[Result "0-1"]
[WhiteElo "2340"]
[BlackElo "2623"]
[PlyCount "48"]
[EventDate "2015.05.30"]

1. d4 Nf6 2. Bf4 e6 3. e3 b6 4. Nf3 Bb7 5. Bd3 Be7 6. h3 O-O 7. O-O c5 8. c3 d6
9. Nbd2 Nbd7 10. a4 a6 11. Bh2 Re8 12. Qe2 cxd4 13. exd4 Bf8 14. Rfe1 h6 15. c4
e5 16. dxe5 dxe5 17. Ne4 Nxe4 18. Bxe4 Bxe4 19. Qxe4 Nc5 20. Qg4 e4 21. Ne5 Qf6
22. b4 Nd3 23. Nxd3 exd3 24. c5 d2 0-1

[Event "45th IT Bosna 2015"]
[Site "Sarajevo"]
[Date "2015.06.04"]
[Round "8.7"]
[White "Kosic, Dragan"]
[Black "Dizdarevic, Emir"]
[Result "0-1"]
[WhiteElo "2482"]
[BlackElo "2546"]
[PlyCount "74"]
[EventDate "2015.05.30"]

1. d4 d5 2. c4 e6 3. Nc3 c6 4. Nf3 Nf6 5. Bg5 h6 6. Bxf6 Qxf6 7. e3 Be7 8. Bd3
Nd7 9. O-O O-O 10. Rc1 Rd8 11. cxd5 exd5 12. h3 Bf8 13. a3 a5 14. Re1 g6 15.
Qb3 Qg7 16. e4 dxe4 17. Nxe4 a4 18. Qc2 Ra5 19. Nc3 Nb6 20. Re5 Rxe5 21. dxe5
Be6 22. Ne4 Nd7 23. Qc3 Qh8 24. Qa5 b6 25. Qxa4 Nxe5 26. Nxe5 Qxe5 27. Qc2 Bf5
28. Re1 Bg7 29. b4 Qb2 30. g4 Be6 31. Ng3 Qxa3 32. Bxg6 Qxb4 33. Rxe6 fxe6 34.
Qxc6 Qd6 35. Qb7 Rf8 36. Nh5 Qd1+ 37. Kg2 Qd5+ 0-1

[Event "45th IT Bosna 2015"]
[Site "Sarajevo"]
[Date "2015.06.04"]
[Round "8.8"]
[White "Popovic, Zoran"]
[Black "Savic, Miodrag R"]
[Result "0-1"]
[WhiteElo "2309"]
[BlackElo "2509"]
[PlyCount "62"]
[EventDate "2015.05.30"]

1. d4 Nf6 2. c4 e6 3. Nc3 d5 4. Bg5 Be7 5. e3 h6 6. Bh4 O-O 7. Nf3 b6 8. Be2
dxc4 9. Bxc4 Bb7 10. O-O Nbd7 11. Rc1 a6 12. Qe2 b5 13. Bb3 c5 14. dxc5 Nxc5
15. Bc2 b4 16. Na4 Nxa4 17. Bxa4 Qa5 18. Bb3 Rac8 19. Rxc8 Rxc8 20. Rd1 Qh5 21.
Bg3 Ne4 22. Rd7 Bd5 23. h3 Nxg3 24. fxg3 Bxb3 25. Rxe7 Qc5 26. Rd7 Bc4 27. Qd2
Bd5 28. Ne5 Qc1+ 29. Qxc1 Rxc1+ 30. Kf2 Rc2+ 31. Ke1 Rxb2 0-1

[Event "45th IT Bosna 2015"]
[Site "Sarajevo"]
[Date "2015.06.04"]
[Round "8.9"]
[White "Trkulja, Goran"]
[Black "Kadric, Denis"]
[Result "0-1"]
[WhiteElo "2324"]
[BlackElo "2493"]
[PlyCount "54"]
[EventDate "2015.05.30"]

1. e4 c5 2. Nf3 d6 3. d4 cxd4 4. Nxd4 Nf6 5. Nc3 a6 6. f4 e5 7. Nf3 Qc7 8. Bd3
Be7 9. O-O O-O 10. Kh1 b5 11. Qe1 Bb7 12. a3 Nbd7 13. Nh4 g6 14. f5 Rfe8 15.
fxg6 hxg6 16. Qf2 Bf8 17. Nd5 Bxd5 18. exd5 e4 19. Be2 Qxc2 20. Be3 Qb3 21.
Rad1 Bg7 22. Bg4 Ne5 23. Bh3 Nd3 24. Rxd3 Qxd3 25. Nxg6 fxg6 26. Be6+ Rxe6 27.
dxe6 Re8 0-1

[Event "45th IT Bosna 2015"]
[Site "Sarajevo"]
[Date "2015.06.04"]
[Round "8.10"]
[White "Mrndjic, Muamer"]
[Black "Popovic, Dusan"]
[Result "0-1"]
[WhiteElo "2263"]
[BlackElo "2492"]
[PlyCount "106"]
[EventDate "2015.05.30"]

1. d4 d6 2. c4 g6 3. Nc3 Bg7 4. e4 Nf6 5. h3 O-O 6. Nf3 e5 7. dxe5 dxe5 8. Qxd8
Rxd8 9. Bg5 Nbd7 10. Rd1 Rf8 11. Be3 c6 12. Be2 Re8 13. O-O Bf8 14. a3 a5 15.
Nd2 a4 16. Rb1 Nc5 17. Bd1 Nfd7 18. Bc2 Nb6 19. Bd1 Ncd7 20. Be2 Bc5 21. Bxc5
Nxc5 22. Nf3 f6 23. Nd2 Be6 24. Rbc1 Bf7 25. f3 Red8 26. Ncb1 Rd4 27. Rfe1 Rad8
28. Rc2 Kg7 29. Rec1 f5 30. exf5 gxf5 31. Re1 f4 32. Nf1 Kf6 33. Nh2 h5 34. Nf1
Bxc4 35. Bxc4 Nxc4 36. Nc3 b5 37. h4 Rd3 38. Kh2 Kg6 39. Ree2 Nb3 40. Re1 Nd4
41. Rf2 Nxb2 42. Rxb2 Rxc3 43. Rxe5 Rd5 44. Re4 Rc2 45. Rxc2 Nxc2 46. Rxf4 b4
47. Rc4 b3 48. Rxc6+ Kf7 49. Rb6 Nxa3 50. Rb4 Ke8 51. Ne3 Ra5 52. Rb7 Rb5 53.
Rxb5 Nxb5 0-1

[Event "45th IT Bosna 2015"]
[Site "Sarajevo"]
[Date "2015.06.04"]
[Round "8.11"]
[White "Burovic, Rijad"]
[Black "Heberla, Bartlomiej"]
[Result "0-1"]
[WhiteElo "2330"]
[BlackElo "2556"]
[PlyCount "112"]
[EventDate "2015.05.30"]

1. e4 c5 2. d3 Nc6 3. g3 d5 4. Nd2 d4 5. Bg2 e5 6. Ngf3 Bg4 7. h3 Be6 8. O-O f6
9. Nh4 Qd7 10. f4 O-O-O 11. f5 Bf7 12. a4 Bd6 13. Nc4 Bc7 14. Bd2 Nge7 15. Bf3
Kb8 16. Bh5 g6 17. fxg6 hxg6 18. Bg4 f5 19. exf5 Rxh4 20. gxh4 gxf5 21. Bh5
Rg8+ 22. Bg5 Ng6 23. Bxg6 Rxg6 24. Qf3 Be6 25. b3 Rg8 26. Rae1 a6 27. Re2 b5
28. axb5 axb5 29. Na3 Nb4 30. Rg2 Rf8 31. Qh5 Bd5 32. Rgf2 f4 33. Rf3 Kb7 34.
Qg4 Qc6 35. R3f2 Rg8 36. Re1 Be6 37. Qf3 Nd5 38. Kh2 Ne3 39. Qxc6+ Kxc6 40. Rg1
Nf5 41. Bf6 Ng3 42. Nb1 Rf8 43. Bg5 e4 44. dxe4 Nxe4 45. Rf3 Bd5 46. Rgf1 Ng3
47. R1f2 Bxf3 48. Rxf3 Ne4 49. Bh6 Rh8 50. Bg5 Ra8 51. Kg2 Ra2 52. Bxf4 Rxc2+
53. Kg1 Rb2 54. Na3 Bxf4 55. Rxf4 d3 56. Rf1 d2 0-1

[Event "45th IT Bosna 2015"]
[Site "Sarajevo"]
[Date "2015.06.04"]
[Round "8.12"]
[White "Stojanovic, Dalibor"]
[Black "Obad, Andrija"]
[Result "1-0"]
[WhiteElo "2498"]
[BlackElo "2074"]
[PlyCount "75"]
[EventDate "2015.05.30"]

1. e4 d5 2. exd5 Qxd5 3. Nc3 Qd6 4. d4 Nf6 5. Nf3 a6 6. Bd3 g6 7. O-O Bg7 8.
Ne4 Nxe4 9. Bxe4 Nd7 10. c3 O-O 11. Qc2 c5 12. Rd1 Nf6 13. Bg5 Nxe4 14. Qxe4
Re8 15. Qh4 cxd4 16. Nxd4 Qc7 17. Re1 e5 18. Nc2 Qc6 19. Rad1 Be6 20. Nb4 Qc4
21. Re4 Qb5 22. Bf6 Bf5 23. Ree1 Be6 24. Rxe5 Qb6 25. Rde1 Rf8 26. b3 Rac8 27.
R5e3 a5 28. Nc2 a4 29. Nd4 axb3 30. Bxg7 Kxg7 31. Nxe6+ fxe6 32. Rxe6 Qc5 33.
Re7+ Rf7 34. Rxf7+ Kxf7 35. Qxh7+ Kf6 36. axb3 Qxc3 37. Qe7+ Kf5 38. h4 1-0

[Event "45th IT Bosna 2015"]
[Site "Sarajevo"]
[Date "2015.06.04"]
[Round "8.13"]
[White "Gazik, Igor"]
[Black "Drazic, Sinisa"]
[Result "1-0"]
[WhiteElo "2320"]
[BlackElo "2439"]
[PlyCount "143"]
[EventDate "2015.05.30"]

1. e4 d5 2. exd5 Qxd5 3. Nc3 Qd6 4. d4 Nf6 5. g3 Bg4 6. f3 Bh5 7. Bf4 Qd8 8.
Qe2 e6 9. Qb5+ Nbd7 10. Qxb7 Bd6 11. Bxd6 cxd6 12. O-O-O O-O 13. h4 Bg6 14. g4
h6 15. Bd3 Bxd3 16. Rxd3 d5 17. Nge2 Ne8 18. Qa6 Nb8 19. Qb7 Nd7 20. Na4 Nb6
21. Nc5 Qd6 22. Nc3 Nc7 23. Na6 Rfc8 24. Nxc7 Rxc7 25. Qa6 Rc6 26. Nb5 Qg3 27.
Na3 Rac8 28. Rhd1 Qxh4 29. Qxa7 Qh2 30. Kb1 g6 31. Rc1 Qf4 32. Rcd1 Kg7 33. Rb3
Nc4 34. Nxc4 Rxc4 35. Rc1 Rxd4 36. a3 Rdc4 37. Qf2 R8c7 38. Qe2 Kf6 39. Re3 Rb7
40. Re1 Kg7 41. b3 Qf6 42. Ka2 Rf4 43. Rd3 Rc7 44. Kb1 Ra7 45. Ka2 Kh7 46. Qd1
Ra8 47. Rf1 g5 48. Re3 Kg7 49. Rd3 Rc8 50. Qe2 Rc6 51. Kb1 Rc5 52. Rc1 d4 53.
Rf1 Re5 54. Qf2 Ra5 55. b4 Rd5 56. Qe2 Qd8 57. Rfd1 Qc7 58. Rb3 Re5 59. Qh2 Qd8
60. Qd2 Qf6 61. b5 Rd5 62. b6 Rxf3 63. Qb4 Rxb3+ 64. Qxb3 Qe5 65. a4 Qd6 66. b7
Qb8 67. Ka2 Ra5 68. Rb1 e5 69. Rf1 Rxa4+ 70. Kb1 Rc4 71. Rxf7+ Kxf7 72. Qxc4+
1-0

[Event "45th IT Bosna 2015"]
[Site "Sarajevo"]
[Date "2015.06.04"]
[Round "8.14"]
[White "Jusic, Zdenko"]
[Black "Nestorovic, Dejan"]
[Result "1/2-1/2"]
[WhiteElo "2283"]
[BlackElo "2425"]
[PlyCount "67"]
[EventDate "2015.05.30"]

1. e4 c5 2. Nf3 e6 3. Nc3 a6 4. d4 cxd4 5. Nxd4 Qc7 6. Qf3 Nf6 7. Bg5 Be7 8.
O-O-O Nc6 9. h4 O-O 10. Nxc6 dxc6 11. g4 e5 12. Bh3 Ne8 13. Bxe7 Qxe7 14. Na4
Qxh4 15. Nb6 Qg5+ 16. Qe3 Qxe3+ 17. fxe3 Rb8 18. g5 Bxh3 19. Rxh3 Nc7 20. Nd7
Ne6 21. Nxf8 Rxf8 22. Rg3 g6 23. b4 f6 24. gxf6 Rxf6 25. Rd6 Kg7 26. a4 h5 27.
Kd2 g5 28. Rxe6 Rxe6 29. Rxg5+ Kf6 30. Rf5+ Kg6 31. a5 Re7 32. Ke2 Re6 33. c4
Re7 34. Ke1 1/2-1/2

[Event "45th IT Bosna 2015"]
[Site "Sarajevo"]
[Date "2015.06.04"]
[Round "8.15"]
[White "Mestrovic, Zvonimir"]
[Black "Markoja, Boris"]
[Result "1/2-1/2"]
[WhiteElo "2278"]
[BlackElo "2372"]
[PlyCount "60"]
[EventDate "2015.05.30"]

1. e4 c5 2. c3 Nf6 3. e5 Nd5 4. d4 cxd4 5. Nf3 Nc6 6. Bc4 Nb6 7. Bb3 g6 8. a4
d5 9. exd6 Qxd6 10. O-O Bg7 11. cxd4 Nxd4 12. Nxd4 Qxd4 13. Nc3 Qxd1 14. Rxd1
Bxc3 15. bxc3 Be6 16. Bxe6 fxe6 17. Re1 Kf7 18. Rb1 Nxa4 19. Rxb7 Rhb8 20. Rc7
Rc8 21. Rxc8 Rxc8 22. Be3 a6 23. Ra1 Rc4 24. Kf1 e5 25. Ke2 Ke6 26. Kd2 Kd5 27.
Ra3 e6 28. Kc2 Kc6 29. Kd3 Kd5 30. Kc2 Kc6 1/2-1/2

[Event "45th IT Bosna 2015"]
[Site "Sarajevo"]
[Date "2015.06.04"]
[Round "8.16"]
[White "Djoric, Dusan"]
[Black "Burovic, Ismet"]
[Result "1/2-1/2"]
[WhiteElo "2268"]
[BlackElo "2354"]
[PlyCount "27"]
[EventDate "2015.05.30"]

1. Nf3 d6 2. d4 Nd7 3. e4 e5 4. dxe5 dxe5 5. Bc4 c6 6. Ng5 Nh6 7. O-O Be7 8.
Bxf7+ Nxf7 9. Ne6 Qb6 10. Nxg7+ Kf8 11. Ne6+ Ke8 12. Ng7+ Kf8 13. Ne6+ Ke8 14.
Ng7+ 1/2-1/2

[Event "45th IT Bosna 2015"]
[Site "Sarajevo"]
[Date "2015.06.04"]
[Round "8.17"]
[White "Arapovic, Vitomir"]
[Black "Sutkovic, Damir"]
[Result "1/2-1/2"]
[WhiteElo "2347"]
[BlackElo "2320"]
[PlyCount "41"]
[EventDate "2015.05.30"]

1. e4 c5 2. Nc3 a6 3. g3 b5 4. Bg2 Bb7 5. f4 e6 6. d3 Nf6 7. Nf3 d6 8. O-O Be7
9. h3 Nc6 10. g4 O-O 11. Ne2 d5 12. e5 Nd7 13. d4 cxd4 14. Nexd4 Nxd4 15. Nxd4
Bc5 16. c3 b4 17. cxb4 Bxb4 18. Kh1 a5 19. a3 Bc5 20. Be3 Rc8 21. b4 1/2-1/2

[Event "45th IT Bosna 2015"]
[Site "Sarajevo"]
[Date "2015.06.04"]
[Round "8.18"]
[White "Vea, Odin Blikra"]
[Black "Ivanov, Mikhail M"]
[Result "0-1"]
[WhiteElo "2234"]
[BlackElo "2384"]
[PlyCount "95"]
[EventDate "2015.05.30"]

1. e4 d6 2. d4 Nf6 3. Nc3 e5 4. Nf3 Nbd7 5. g4 g6 6. g5 Nh5 7. Be3 Bg7 8. Qd2
O-O 9. O-O-O c6 10. dxe5 dxe5 11. Ne2 Qc7 12. Ng3 Nf4 13. h4 Nb6 14. Bc5 Re8
15. Bd6 Qd8 16. Qc3 Bg4 17. Bf8 Nbd5 18. exd5 Nxd5 19. Qb3 Rxf8 20. Bh3 Bxh3
21. Rxh3 Qb6 22. h5 Qxb3 23. axb3 f5 24. gxf6 Rxf6 25. Nxe5 Rxf2 26. Nd3 Rf3
27. hxg6 hxg6 28. Ne1 Rff8 29. Rh4 Rae8 30. Nd3 Bf6 31. Re4 Rxe4 32. Nxe4 Bd4
33. c3 Be3+ 34. Kb1 Re8 35. Nd6 Re7 36. Re1 Rd7 37. Nc4 Bf4 38. Nc5 Re7 39.
Rxe7 Nxe7 40. Nxb7 g5 41. Kc2 g4 42. Kd3 Kf7 43. Ke4 Bc7 44. Ne3 g3 45. Kf3 Kf6
46. Nc5 Nf5 47. Ng2 Kg5 48. Ne4+ 0-1

[Event "45th IT Bosna 2015"]
[Site "Sarajevo"]
[Date "2015.06.04"]
[Round "8.19"]
[White "Bucevac, Ljubisa"]
[Black "Gazik, Viktor"]
[Result "0-1"]
[WhiteElo "2031"]
[BlackElo "2445"]
[PlyCount "60"]
[EventDate "2015.05.30"]

1. e4 c5 2. Nc3 d6 3. Bc4 Nc6 4. d3 g6 5. Nge2 Bg7 6. O-O a6 7. Bd2 e6 8. Qc1
b5 9. Bb3 Rb8 10. a3 Bd7 11. Nd1 h6 12. f4 Nge7 13. Ne3 f5 14. exf5 gxf5 15. c3
O-O 16. Ng3 Qe8 17. Qd1 Kh7 18. Qe2 Qg6 19. Rae1 Rbe8 20. Bc2 Rg8 21. b4 Nd8
22. Bb3 Bc6 23. Nc2 Nd5 24. d4 c4 25. Ba2 Bf6 26. Rc1 e5 27. fxe5 dxe5 28. dxe5
Bxe5 29. Qf2 f4 30. Ne2 Nxc3 0-1

[Event "45th IT Bosna 2015"]
[Site "Sarajevo"]
[Date "2015.06.04"]
[Round "8.20"]
[White "Vajic, Goran"]
[Black "Osmanovic, Faruk"]
[Result "1-0"]
[WhiteElo "2379"]
[BlackElo "2042"]
[PlyCount "87"]
[EventDate "2015.05.30"]

1. e4 c5 2. Nf3 Nc6 3. d4 cxd4 4. Nxd4 Nf6 5. Nc3 e5 6. Ndb5 d6 7. Nd5 Nxd5 8.
exd5 Ne7 9. c3 Ng6 10. Qa4 Bd7 11. Qc4 Rc8 12. Qb4 a6 13. Nxd6+ Bxd6 14. Qxd6
Bb5 15. Qxd8+ Rxd8 16. c4 Bd7 17. Be3 O-O 18. Be2 f5 19. O-O f4 20. Bb6 Rde8
21. c5 e4 22. f3 Bb5 23. Bxb5 axb5 24. fxe4 Rxe4 25. d6 Ne5 26. Rae1 Rxe1 27.
Rxe1 Nc6 28. Kf2 Kf7 29. Re4 g5 30. Kf3 Ra8 31. d7 Rxa2 32. d8=Q Nxd8 33. Bxd8
h6 34. Rb4 Ra8 35. Bc7 Rc8 36. Bd6 Re8 37. Rxb5 Re3+ 38. Kf2 Ke6 39. Rxb7 Kd5
40. Rh7 Rb3 41. Rxh6 Rxb2+ 42. Kf3 g4+ 43. Kxg4 Rxg2+ 44. Kxf4 1-0